• 首页
  • 本馆介绍
  • 公告通知
  • 最新文献
  • 馆藏检索
  • 电子资源
  • 读者导购
  • 参考咨询
  • 我的图书馆
  • 登录
  • 详细信息显示
  • 放入我的书架
  • 预约/预借图书
  • 作者相关作品
  • 分类相关作品
  • 丛书相关作品
  • 出版社相关作品

书目信息

  • 表格格式
  • 工作单格式
  • 卡片格式
题名:
西文工具书概论
    
 
作者: 邵献图 主编
分册:  
出版信息: 北京   北京大学出版社  1998
页数: 315页
开本: 26cm
丛书名:
单 册:
中图分类: G252.7
科图分类: 37.656
主题词: 外文-工具书--概论 , 工具书-外文--概论
电子资源:
ISBN: 7-301-01269-1
000 00730nam0 2200253 45
001 0198029180
005 20070728162256.96
010    @a7-301-01269-1@dCNY22.00
100    @a19980526d1998 emky0chiy0121 ea
101 0  @achi
102    @aCN@b110000
105    @ay z 001yy
200 10 @a西文工具书概论@Axi wen gong ju shu gai lun@f邵献图主编
205    @a3版(增订本)
210    @a北京@c北京大学出版社@d1998
215    @a315页@d26cm
510 1  @aAn introduction to reference books in Western Languages@zeng
606    @a外文-工具书@x概论
606    @a工具书-外文@x概论
690    @aG252.7@v3
692    @a37.656@v2
701  0 @a邵献图@Ashao xian tu@4主编
801  0 @aCN@bTSSF@c20070728
905    @a10447@dG252.7@e76=3
    
    西文工具书概论/邵献图主编.-3版(增订本).-北京:北京大学出版社,1998
    315页;26cm
    
    
    ISBN 7-301-01269-1:CNY22.00
    
●
相关链接 在E读中查询图书 在五车中查询图书 在当当中查询图书 在豆瓣中查询图书


正题名:西文工具书概论     索取号:G252.7/76=3         预约/预借

序号 登录号 条形码 馆藏地/架位号 状态 备注
1 0783970   207839703   第四借阅区/ [索取号:G252.7/76=3] 在馆    
2 0784553   207845536   第一样本阅览室/ [索取号:G252.7/76=3] 在馆    
3 0784554   207845545   第四借阅区/ [索取号:G252.7/76=3] 在馆    
唐山师范学院图书馆 欢迎您!
大连网信软件有限公司© 版权所有